| 000 | 01328nam a2200313 a 4500 | ||
|---|---|---|---|
| 001 | 000021731 | ||
| 005 | 20200930011428.0 | ||
| 008 | 100910s2000 mx a 001 0 spa d | ||
| 020 | _a9684444117 | ||
| 040 |
_aDO-SdBNP _bspa _cBNPHU |
||
| 041 | 1 | 7 |
_aspa _heng _2Código de idiomas MARC |
| 082 |
_a658.5 _bK89a, 2000 |
||
| 100 | 1 |
_aKrajewski, Lee J. _945172 |
|
| 240 | 1 | 0 |
_aOperations management. Strategy and Analysis. _lEspañol |
| 245 | 1 | 0 |
_aAdministración de operaciones : _bestrategia y análisis / _cLee J. Krajewski y Larry P. Ritzman ; traducción de Ángel Carlos González Ruiz ; revisión técnica de Abel José Castillo Castellanos ; colaboración de Ángel Fernández Gamero. |
| 250 | _a5a ed. | ||
| 260 |
_aMéxico : _bPearson Educación, _c2000. |
||
| 300 |
_a892 p. : _bil. ; _c25 cm. |
||
| 534 |
_aVersión en español de la obra titulada : _tOperations management. Strategy and Analysis. |
||
| 500 | _aIncluye índice de nombres, compañia y temático. | ||
| 650 | 4 |
_aInvestigación operacional _925813 |
|
| 650 | 4 |
_aAdministración de la producción _927605 |
|
| 700 | 1 |
_aRitzman, Larry P. _945173 |
|
| 700 | 1 |
_aGonzález Ruiz, Ángel Carlos, _etr. _98969 |
|
| 700 | 1 |
_aCastillo Castellanos, Abel José, _erev. _945174 |
|
| 700 | 1 |
_aFernández Gamero, Ángel. _945175 |
|
| 910 | _aWM | ||
| 049 | _aBNGR | ||
| 999 |
_c21230 _d21230 |
||